Dydaktyka psychologiczna zastosowanie psychologii Piageta do dydaktyki
Gespeichert in:
| Format: | Buch |
|---|---|
| Sprache: | Polnisch |
| Veröffentlicht: |
Warszawa
Wyd. Naukowe
1982
|
| Ausgabe: | 2. popraw. wyd. |
| Tags: |
Keine Tags, Fügen Sie das erste Tag hinzu!
|
MARC
| LEADER | 00000nam a2200000 4500 | ||
|---|---|---|---|
| 001 | c133726 | ||
| 005 | 20250818095051.2 | ||
| 041 | 0 | |a pol | |
| 044 | |a PL | ||
| 245 | 1 | 0 | |a Dydaktyka psychologiczna |b zastosowanie psychologii Piageta do dydaktyki |c Hans Aebli |
| 250 | |a 2. popraw. wyd. | ||
| 264 | 1 | |a Warszawa |b Wyd. Naukowe |c 1982 | |
| 300 | |a 256 s. | ||